000
00283 a2200121 4500
001
63639
082
_a
629.8312 BRY
090
_c
37637
_d
37637
100
_a
Bryson A.E
245
_a
Applied Optimal control
_h
English
260
_a
NY
_b
John Wiley & Sons
_c
1975
300
_b
481p
942
_a
NUST-CAE
_k
629.8312 BRY
999
_c
298712
_d
298712